| 000 | 00808cam a2200277 a 4500 | ||
|---|---|---|---|
| 001 | 1407 | ||
| 003 | BD-RjUL | ||
| 005 | 20211208233331.0 | ||
| 008 | 131125s1961 UA a b 001 0 eng c | ||
| 020 | _a0534074464 (pbk.) : | ||
| 035 | _a(BD-RjUL)1429 | ||
| 040 |
_aDNLM/DLC _cDLC _dDLC _beng |
||
| 041 | _aeng | ||
| 060 | _aWM 420 C761 | ||
| 082 | 0 | 0 |
_a616.8914 _219 _bCON 1961 |
| 245 | 0 | 0 |
_aContemporary psychotherapies / _c[edited by] Morris I Stein |
| 260 |
_aNew York : _bFree Press of Glencoe, _cc1961 |
||
| 300 |
_axv, 335 p. : _bill. ; _c24 cm. |
||
| 504 | _aIncludes bibliographies and indexes. | ||
| 650 | 0 |
_aPsychotherapy _94168 |
|
| 650 | 2 |
_aPsychotherapy _xcase studies. _94169 |
|
| 700 | 1 |
_aStein, Morris I _94170 |
|
| 942 |
_2ddc _cBK |
||
| 999 |
_c1407 _d1407 |
||